Guess The Imagine Dragons Song By The Lyrics - Statistics

General Stats
  • This quiz has been taken 56 times
  • The average score is 5 of 15
Answer Stats
Lyrics Song % Correct
'Cause I love the adrenaline in my veins Whatever It Takes
92%
Falling like ashes to the ground Believer
57%
I don't ever wanna leave this town It's Time
57%
Nothing ever comes without a consequence or cost Natural
57%
I was drivin' in my car, throwing up my hands, put it in coast Eyes Closed
35%
You never know the top 'til you get too low I'm So Sorry
35%
We are, we are the face of the future Digital
29%
I've been around the world but never in my wildest dreams I Bet My Life
24%
I hide in corners, hope that no-one sees me Lonely
22%
Reliving the past, wishing it'd last, wishing and dreaming Birds
20%
I said it time and time, I know that Start Over
20%
Got a million people telling me they're with it Take Me To The Beach
20%
Out with the reason, in with the season Who We Are
18%
King is crowned, it's do or die Battle Cry
12%
Life flies by me but i'm thinking I'm Happy
12%
No matching quizzes found
Score Distribution
Percent of People with Each Score
Percentile by Number Answered
Your Score History
You have not taken this quiz